000
00329nam a22001217a 4500
040
_c
sr
082
_a
658 សុជន 2009
100
_a
សរ សុជន
245
_a
ភាពជាអ្នកដឹកនាំ
260
_a
ញ៉ូយក
_b
សរ សុជន
_c
២០០៩
300
_a
១២១p.
942
_c
KB
999
_c
8363
_d
8363